| Tag |
First Indicator |
Second Indicator |
Subfields |
| LEADER |
00000cam a2200000 a 4500 |
| 001 |
in00000003467 |
| 007 |
he bmb024bbca |
| 008 |
990512s1998 dcu bb f000 0 eng c |
| 005 |
20230309222511.4 |
| 035 |
|
|
|a (OCoLC)ocm41353011
|
| 035 |
|
|
|9 AJF9255AM
|
| 035 |
|
|
|a in00000003467
|
| 037 |
|
|
|a 160997
|b GAO (202) 512-6000 (Voice); (202) 512-6061 (Fax); (202) 512-2537 (TDD)
|f paper copy
|
| 040 |
|
|
|a GPO
|c GPO
|d MvI
|d UtOrBLW
|
| 042 |
|
|
|a pcc
|
| 043 |
|
|
|a n-us---
|
| 049 |
|
|
|a UMIC
|
| 049 |
|
|
|a WWW
|
| 074 |
|
|
|a 0546-D-01 (MF)
|
| 074 |
|
|
|a 0546-D-01 (online)
|
| 086 |
0 |
|
|a GA 1.5/2:T-GGD-98-195
|
| 100 |
1 |
|
|a Rabkin, Norman J.
|
| 245 |
1 |
0 |
|a Customs Service :
|b inspectional personnel and workloads : statement of Norman J. Rabkin, Director, Administration of Justice Issues, General Government Division, before the Subcommittee on Government Management, Information and Technology, Committee on Government Reform and Oversight, House of Representatives.
|
| 246 |
3 |
0 |
|a Inspectional personnel and workloads
|
| 264 |
|
1 |
|a Washington, D.C. (P.O. Box 37050, Washington 20013) :
|b U.S. General Accounting Office,
|c [1998]
|
| 300 |
|
|
|a 5 pages ;
|c 28 cm.
|
| 336 |
|
|
|a text
|b txt
|2 rdacontent
|
| 337 |
|
|
|a microform
|b h
|2 rdamedia
|
| 338 |
|
|
|a microfiche
|b he
|2 rdacarrier
|
| 490 |
1 |
|
|a Testimony ;
|v GAO/T-GGD-98-195
|
| 500 |
|
|
|a Cover title.
|
| 500 |
|
|
|a "August 14, 1998."
|
| 504 |
|
|
|a Includes bibliographical references.
|
| 533 |
|
|
|a Microfiche.
|b [Washington, D.C.] :
|c U.S. General Accounting Office,
|d [1999?]
|e 1 microfiche : negative.
|
| 530 |
|
|
|a Also available via Internet from the GPO Access web site. Address as of 05/14/2002: http://frwebgate.access.gpo.gov/cgi-bin/getdoc.cgi?dbname=gao&docid=f:gg98195t.pdf; current access is available via PURL.
|
| 500 |
|
|
|a Microform.
|
| 610 |
2 |
0 |
|a U.S. Customs Service
|x Officials and employees.
|
| 650 |
|
0 |
|a Customs administration
|z United States
|x Officials and employees.
|
| 650 |
|
0 |
|a Ports of entry
|z United States.
|
| 710 |
1 |
|
|a United States.
|b General Accounting Office.
|
| 830 |
|
0 |
|a Testimony ;
|v GAO/T-GGD-98-195.
|
| 856 |
4 |
1 |
|u https://purl.fdlp.gov/GPO/LPS19181
|z Adobe Acrobat Reader required
|t 0
|
| 999 |
|
|
|a MARS
|
| 999 |
f |
f |
|i 7b72e62e-cfd7-3dcc-87bf-829f43bd31f2
|s 541144cd-3094-3feb-911d-9ed47a8528f9
|t 0
|
| 952 |
f |
f |
|p normal
|a Texas A&M University
|b College Station
|c Sterling C. Evans Library
|d Evans: US Documents Microfiche (3rd floor)
|t 0
|e GA 1.5/2:T-GGD-98-195
|h Superintendent of Documents classification
|i microform -- microfiche
|m A14824485889
|
| 952 |
f |
f |
|a Texas A&M University
|b College Station
|c Electronic Resources
|d Available Online
|t 0
|e GA 1.5/2:T-GGD-98-195
|h Superintendent of Documents classification
|
| 998 |
f |
f |
|a GA 1.5/2:T-GGD-98-195
|t 0
|l Evans: US Documents Microfiche (3rd floor)
|
| 998 |
f |
f |
|a GA 1.5/2:T-GGD-98-195
|t 0
|l Available Online
|